| 000 | 00442nam a2200169Ia 4500 | ||
|---|---|---|---|
| 003 | GCL | ||
| 008 | 140319s9999 xx 000 0 eng d | ||
| 040 |
_aGCL / _cGCL |
||
| 082 | 0 | 4 |
_aREF _b629.13252 _bB A |
| 100 | 1 | _aBRUFORD,DAVID | |
| 245 | 1 | 0 |
_aTHE AIRPILST,S GLOSSARY AND REFRENCE GUIDE / _cBRUFORD,DAVID |
| 260 |
_a[S.N] : _bAIRLIFE PUBLISHING ، _c1994 |
||
| 300 | _a276P | ||
| 650 | 0 | 4 | _aFLAYING |
| 650 | 0 | 4 | _aPILOTS |
| 942 |
_2ddc _cBK |
||
| 999 |
_c12002 _d12002 |
||